00721nam a2200193Ia 4500008004100000020001800041041000800059082001500067100002500082245009500107250001200202260002300214300000800237365001600245700002500261906005300286999001900339952016900358230718s9999 xx 000 0 und d a9789351103110 aeng a006.3bRUS aRussell M.A.9118243 aMining The Social Web bData Mining Facebook, Twitter, Linkedin, Google+, Github, And More a2nd ed. c2018bSPD/O'Reilly a421 cRs.b695.00 aRussell M.A.9118243 dO:0366118-Jan-2014B:451815-Nov-2013cCOMPb152.9 c334804d334804 00104070aCCEPbCCEPd2014-01-18eTechnical Book ServicesfCOMPg542.10i4518l0o006.3pCCEP-BK-46011r2023-07-18 00:00:00t152.9v695.00w2013-11-15yBKz046011